Biggest NBA Draft Busts - Statistics

General Stats
  • This quiz has been taken 939 times
  • The average score is 5 of 27
Answer Stats
Overall Pick Drafted By: PPG Draft Bust % Correct
1 (2013) Cavaliers 4.2 Anthony Bennett
91%
1 (2007) Trail Blazers 8.0 Greg Oden
76%
1 (2001) Wizards 6.6 Kwame Brown
57%
2 (2003) Pistons 6.0 Darko Milicic
49%
2 (2009) Grizzlies 2.2 Hasheem Thabeet
48%
1 (1998) Clippers 8.3 Michael Olowokandi
36%
2 (1984) Trail Blazers 10.9 Sam Bowie
31%
3 (2006) Bobcats 7.5 Adam Morrison
29%
1 (1995) Warriors 10.9 Joe Smith
29%
1 (1972) Trail Blazers 5.3 LaRue Martin
13%
8 (2008) Bucks 4.2 Joe Alexander
10%
6 (1998) Bucks (via Mavs) 4.8 Robert Traylor
10%
2 (1993) 76ers 8.1 Shawn Bradley
9%
5 (1999) Pacers 5.5 Jonathan Bender
7%
8 (2004) Raptors 2.8 Rafael Araujo
6%
2 (1989) Clippers 7.0 Danny Ferry
5%
1 (1977) Bucks 9.1 Kent Benson
5%
5 (2002) Nuggets 2.9 Nikoloz Tskitishvili
5%
3 (1986) Warriors 3.1 Chris Washburn
4%
11 (2005) Magic ----- Fran Vasquez
4%
9 (1995) Nets 5.0 Ed O'Bannon
3%
5 (1985) Hawks 4.5 Jon Koncak
3%
4 (1982) Mavericks 5.5 Bill Garnett
2%
8 (1990) Clippers 5.5 Bo Kimble
2%
3 (1987) Nets 10.9 Dennis Hopson
2%
6 (1985) Kings 4.8 Joe Kleine
2%
4 (1971) Royals 4.0 Ken Durrett
0%
No matching quizzes found
Score Distribution
Percent of People with Each Score
Percentile by Number Answered
Your Score History
You have not taken this quiz